People on Canadian Bank Notes - Statistics

General Stats
  • This quiz has been taken 34 times
  • The average score is 5 of 11
Answer Stats
Hint Answer % Correct
20 Dollar Note Queen Elizabeth II
95%
20 Dollar Note (A Historic Reign Commemorative) Queen Elizabeth II
95%
10 Dollar Note (2013) Sir John A. Macdonald
63%
10 Dollar Note (Canada 150 Commemorative) Sir John A. Macdonald
63%
5 Dollar Note Sir Wilfrid Laurier
47%
50 Dollar Note William Lyon Mackenzie King
47%
100 Dollar Note Sir Robert Borden
26%
10 Dollar Note (2018) Viola Desmond
21%
10 Dollar Note (Canada 150 Commemorative) Agnes Macphail
16%
10 Dollar Note (Canada 150 Commemorative) James Gladstone
16%
10 Dollar Note (Canada 150 Commemorative) Sir George-Étienne Cartier
11%
No matching quizzes found
Score Distribution
Percent of People with Each Score
Percentile by Number Answered
Your Score History
You have not taken this quiz